000 01203nam0a22003011 4500
001 rc\3551687
005 20250610020819.0
021 _aRU
_bП902-73
035 _a(NLR Aleph) 007638475
090 _a6100201
_c6100201
100 _a20130115d1972 |||y0rusy50 ca
101 0 _arus
102 _aRU
105 _ay z |||||
200 1 _aВыбор и исследование режимов запуска бесфильмового искрового спектрометра в экспериментах с нейтральными каонами
210 _aДубна
_cБ. и.
_d1972
215 _a19 с.
_cграф.
_d22
225 1 _aСообщения Объединенного института ядерных исследований
_fЛаб. высоких энергий
_v1-6665
300 _aПеред загл. авт.: В.К. Бирулев, А.С. Вовенко, И.А. Голутвин [и др.]
320 _aБиблиогр.: с. 11
701 1 _aВовенко
_bА.С.
701 1 _aГолутвин
_bИ.А.
701 1 _aБирулев
_bВ.Г.
801 0 _aRU
_bNLR
_gpsbo
801 1 _aRU
_bELAR
_2rusmarc
852 _aNLR
_jП11/2061
942 _cBOOK
980 _aNB